La estrategia naval del imperio: auge, declive y ocaso de la marina de Los Austrias

Uloženo v:
Podrobná bibliografie
Hlavní autor: Cervera Pery, José (Autor)
Médium: Kniha
Jazyk:španělština
Vydáno: Madrid, España San Martín 1982
Témata:
Tagy: Přidat tag
Žádné tagy, Buďte první, kdo vytvoří štítek k tomuto záznamu!

MARC

LEADER 00000nam a2200000 a 4500
001 UCG5111
003 CL-VaPUC
005 20210521001552.0
008 110106e19820000SP |||||||||||||||||spa|d
999 |c 343681  |d 343679 
020 |a 8471402106 
040 |c Pontificia Universidad Católica de Valparaíso 
082 0 4 |a 946.042 CER 1982  |2 21 
100 0 |a Cervera Pery, José  |e author  |9 554670 
245 1 3 |a La estrategia naval del imperio:  |b  auge, declive y ocaso de la marina de Los Austrias 
260 |a Madrid, España  |b San Martín  |c 1982 
300 |a 266 páginas 
583 |a last modification  |c 20110106 00:00:00  |k Rodrigo Vera 
650 0 |a Historia de España  |9 315435 
650 7 |a MARINA DE GUERRA  |2 CL-VaPUC  |9 323589 
650 0 |a Historia naval  |y SIGLO 16-18  |z ESPAÑA  |9 268284 
852 |a BIBCUR 
942 |c BK  |2 ddc 
945 |d 20110106 00:00:00  |a dcastane 
952 |0 0  |1 0  |2 ddc  |4 0  |6 946_042000000000000_CER_1982  |7 0  |8 A  |9 441192  |a BIBHIS  |b BIBHIS  |d 2019-11-22  |i 474618K  |o 946.042 CER 1982  |p 474618K  |r 2025-01-20  |t 1  |w 2019-11-22  |y BK  |k HIS